[Event "51st National Challengers (National â€˜Bâ€™) Chess Cha"]
[Site "Bhopal, Madhya Pradesh-India"]
[Date "2013.10.15"]
[Round "4"]
[Board "23"]
[White "Roy, Prantik"]
[Black "Sagar, Shah"]
[Result "0-1"]
[WhiteElo "2238"]
[BlackElo "2373"]
[PlyCount "36"]
[EventDate "2013.10.12"]
[EventRounds "13"]
[EventCountry "IND"]

1. d4 Nf6 2. Nf3 g6 3. c4 c5 4. Nc3 cxd4 5. Nxd4 Nc6 6. e3 Bg7 7. Be2 O-O 8.
O-O d5 9. cxd5 Nxd5 10. Nxd5 Qxd5 11. Bf3 Qc5 12. Nxc6 bxc6 13. Qa4 Rb8 14.
Qxc6 Qa5 15. Qe4 Ba6 16. Rd1 Rbd8 17. b4 Rxd1+ 18. Bxd1 Qd8 0-1

[Event "51st National Challengers (National â€˜Bâ€™) Chess Cha"]
[Site "Bhopal, Madhya Pradesh-India"]
[Date "2013.10.15"]
[Round "4"]
[Board "24"]
[White "Navin, Kanna T.U."]
[Black "Gajendra, Singh"]
[Result "1-0"]
[WhiteElo "2358"]
[BlackElo "2043"]
[PlyCount "61"]
[EventDate "2013.10.12"]
[EventRounds "13"]
[EventCountry "IND"]

1. d4 Nf6 2. Nf3 b6 3. g3 Bb7 4. Bg2 e6 5. O-O c5 6. c4 cxd4 7. Qxd4 Nc6 8. Qf4
Qb8 9. Nc3 a6 10. Rd1 Bc5 11. a3 O-O 12. Qxb8 Raxb8 13. Bf4 Rbd8 14. b4 Be7 15.
Bc7 Rc8 16. Bxb6 Nb8 17. c5 d6 18. cxd6 Bxd6 19. Na4 Be7 20. Bc5 Bxc5 21. Nxc5
Bd5 22. Rac1 Rc7 23. Ne5 Rfc8 24. Nc4 Bxg2 25. Kxg2 Nbd7 26. Nd6 Ra8 27. Nb3
Rxc1 28. Rxc1 Kf8 29. Na5 Ke7 1-0

[Event "51st National Challengers (National â€˜Bâ€™) Chess Cha"]
[Site "Bhopal, Madhya Pradesh-India"]
[Date "2013.10.15"]
[Round "4"]
[Board "25"]
[White "Sengupta, Deep"]
[Black "Santanu, Borpatra Gohain"]
[Result "1-0"]
[WhiteElo "2589"]
[BlackElo "2103"]
[PlyCount "65"]
[EventDate "2013.10.12"]
[EventRounds "13"]
[EventCountry "IND"]

1. e4 e5 2. Nf3 Nf6 3. Nc3 Bb4 4. Nxe5 O-O 5. Nd3 Bxc3 6. dxc3 Nxe4 7. Nf4 d6
8. Be2 Nd7 9. O-O Ndf6 10. c4 Re8 11. Be3 Bd7 12. Re1 Bc6 13. Bf1 h6 14. c3 Qc8
15. f3 Ng5 16. Nd5 Nxd5 17. cxd5 Bd7 18. Qd4 Bf5 19. h4 Nh7 20. g4 Bd7 21. Bd3
Qd8 22. g5 hxg5 23. Bxh7+ Kxh7 24. hxg5 Kg6 25. Kg2 Rh8 26. Rh1 Qe7 27. Rae1
Rae8 28. Rh4 Bf5 29. Bd2 Qd8 30. Reh1 b6 31. Kf2 Qc8 32. c4 Reg8 33. Rh6+ 1-0

[Event "51st National Challengers (National â€˜Bâ€™) Chess Cha"]
[Site "Bhopal, Madhya Pradesh-India"]
[Date "2013.10.15"]
[Round "4"]
[Board "26"]
[White "Basu, Suman"]
[Black "Deepan, Chakkravarthy J."]
[Result "1/2-1/2"]
[WhiteElo "2067"]
[BlackElo "2476"]
[PlyCount "47"]
[EventDate "2013.10.12"]
[EventRounds "13"]
[EventCountry "IND"]

1. e4 c5 2. c3 Nf6 3. e5 Nd5 4. d4 cxd4 5. Nf3 Nc6 6. cxd4 d6 7. Bc4 Nb6 8. Bb5
e6 9. O-O Be7 10. Nc3 O-O 11. Qe2 Nb4 12. a3 N4d5 13. Bd3 Nxc3 14. bxc3 d5 15.
Bc2 Nc4 16. a4 b6 17. h4 Bxh4 18. g3 Be7 19. Kg2 f5 20. exf6 Bxf6 21. Rh1 g6
22. Ne5 Qc7 23. Nxg6 hxg6 24. Bxg6 1/2-1/2

[Event "51st National Challengers (National â€˜Bâ€™) Chess Cha"]
[Site "Bhopal, Madhya Pradesh-India"]
[Date "2013.10.15"]
[Round "4"]
[Board "27"]
[White "Satyapragyan, Swayangsu"]
[Black "Rohan, Ahuja"]
[Result "1-0"]
[WhiteElo "2430"]
[BlackElo "2093"]
[PlyCount "89"]
[EventDate "2013.10.12"]
[EventRounds "13"]
[EventCountry "IND"]

1. e4 e5 2. Nf3 Nc6 3. Bb5 a6 4. Ba4 Nf6 5. O-O Be7 6. d3 b5 7. Bb3 d6 8. a4
Bd7 9. c3 O-O 10. Nbd2 Na5 11. Bc2 c5 12. Re1 Nc6 13. Nf1 h6 14. h3 Re8 15. Ne3
Bf8 16. Nh2 Rb8 17. Nhg4 Nxg4 18. hxg4 Be6 19. Bb3 Ne7 20. Bxe6 fxe6 21. g5 Ng6
22. gxh6 gxh6 23. axb5 axb5 24. Ng4 Rb7 25. Re3 h5 26. Nh2 Rg7 27. Rg3 h4 28.
Rg4 Qf6 29. Bg5 Qf7 30. Bh6 Rh7 31. Be3 Bh6 32. Ra6 Bxe3 33. fxe3 Rf8 34. Qe2
h3 35. Qf3 hxg2 36. Qxg2 Rg7 37. Rxd6 Ra8 38. Rb6 Rd8 39. Rxb5 Rxd3 40. Rb8+
Nf8 41. Rxg7+ Qxg7 42. Ng4 c4 43. Kf1 Qg6 44. Qf3 Qg7 45. Nf6+ 1-0

[Event "51st National Challengers (National â€˜Bâ€™) Chess Cha"]
[Site "Bhopal, Madhya Pradesh-India"]
[Date "2013.10.15"]
[Round "4"]
[Board "28"]
[White "Karthikeyan, P."]
[Black "Muthaiah, Al"]
[Result "1-0"]
[WhiteElo "2389"]
[BlackElo "2083"]
[PlyCount "89"]
[EventDate "2013.10.12"]
[EventRounds "13"]
[EventCountry "IND"]

1. d4 d5 2. c4 e6 3. Nc3 Nf6 4. Bg5 Be7 5. e3 O-O 6. Rc1 c6 7. Bd3 Nbd7 8. Nf3
h6 9. Bh4 dxc4 10. Bxc4 b5 11. Bd3 Bb7 12. O-O Rc8 13. Qe2 a6 14. a4 b4 15.
Bxf6 Nxf6 16. Ne4 Nxe4 17. Bxe4 Qc7 18. Ne5 c5 19. Bb1 Bd6 20. Qd3 f5 21. Ba2
Bd5 22. Bxd5 exd5 23. Qxa6 Ra8 24. Qb5 Bxe5 25. dxe5 Ra5 26. Qxb4 Rb8 27. Qd2
c4 28. Rfd1 Rb3 29. e6 Rc5 30. Qd4 Rb6 31. g3 Qe7 32. Rc2 Rbc6 33. Rdc1 Ra5 34.
b3 Qxe6 35. bxc4 Rxa4 36. Qxd5 Qxd5 37. cxd5 Rxc2 38. Rxc2 Ra1+ 39. Kg2 Rd1 40.
Rc5 Kf7 41. h3 Rd2 42. g4 Kf6 43. Rc6+ Kg5 44. Kg3 fxg4 45. hxg4 1-0

[Event "51st National Challengers (National â€˜Bâ€™) Chess Cha"]
[Site "Bhopal, Madhya Pradesh-India"]
[Date "2013.10.15"]
[Round "4"]
[Board "29"]
[White "Dave, Kantilal"]
[Black "Lahiri, Atanu"]
[Result "0-1"]
[WhiteElo "2064"]
[BlackElo "2325"]
[PlyCount "50"]
[EventDate "2013.10.12"]
[EventRounds "13"]
[EventCountry "IND"]

1. Nf3 d5 2. e3 Nf6 3. c4 e6 4. b3 c5 5. Bb2 Nc6 6. cxd5 exd5 7. d4 cxd4 8.
Nxd4 Bb4+ 9. Bc3 Bd6 10. Bb5 O-O 11. Nxc6 bxc6 12. Bd3 Re8 13. Nd2 d4 14. Bxd4
Bb4 15. O-O c5 16. Nf3 cxd4 17. Nxd4 Bb7 18. Rc1 Qd5 19. Nf3 Rad8 20. Be2 Qa5
21. Nd4 Ne4 22. Bd3 Nd2 23. Re1 Rxd4 24. exd4 Rxe1+ 25. Qxe1 Nf3+ 0-1

[Event "51st National Challengers (National â€˜Bâ€™) Chess Cha"]
[Site "Bhopal, Madhya Pradesh-India"]
[Date "2013.10.15"]
[Round "4"]
[Board "30"]
[White "Abhishek, Kelkar"]
[Black "Rakesh, Kumar Jena"]
[Result "1-0"]
[WhiteElo "2291"]
[BlackElo "2059"]
[PlyCount "71"]
[EventDate "2013.10.12"]
[EventRounds "13"]
[EventCountry "IND"]

1. d4 d5 2. c4 e6 3. Nf3 c6 4. e3 f5 5. Be2 Nf6 6. b3 Bd6 7. O-O O-O 8. Ba3
Bxa3 9. Nxa3 Ne4 10. Nb1 Qd6 11. Qc1 Nd7 12. Nbd2 Rf6 13. Ne1 Rh6 14. Ndf3 g5
15. Nd3 g4 16. Nfe5 Nxe5 17. Nxe5 Qe7 18. g3 Qe8 19. Qe1 Ng5 20. f3 gxf3 21.
Bxf3 b6 22. Rc1 Nxf3+ 23. Rxf3 dxc4 24. bxc4 Bb7 25. c5 Rd8 26. Rf2 bxc5 27.
Rxc5 Rd5 28. Rxd5 cxd5 29. Qb4 Ba6 30. Qd6 Qc8 31. Rc2 Bc4 32. Rb2 Bb5 33. Qc5
Qxc5 34. dxc5 a6 35. c6 Rf6 36. Nd7 1-0

[Event "51st National Challengers (National â€˜Bâ€™) Chess Cha"]
[Site "Bhopal, Madhya Pradesh-India"]
[Date "2013.10.15"]
[Round "5"]
[Board "1"]
[White "Vishnu, Prasanna. V"]
[Black "Akshat, Khamparia"]
[Result "1-0"]
[WhiteElo "2496"]
[BlackElo "2384"]
[PlyCount "127"]
[EventDate "2013.10.12"]
[EventRounds "13"]
[EventCountry "IND"]

1. e4 c5 2. Nf3 Nc6 3. Bb5 d6 4. O-O Bd7 5. Re1 a6 6. Bf1 Bg4 7. h3 Bxf3 8.
Qxf3 g6 9. c3 Bg7 10. d3 Nf6 11. Be3 O-O 12. Nd2 Nd7 13. Qd1 b5 14. Nf3 b4 15.
Qa4 Qc7 16. cxb4 Nxb4 17. d4 Qb7 18. dxc5 Nxc5 19. Bxc5 dxc5 20. Rac1 Rfd8 21.
Rxc5 Nd3 22. Bxd3 Rxd3 23. Qc4 Rad8 24. Ng5 e6 25. Rc7 Qb5 26. Qxb5 axb5 27.
Nxf7 R8d7 28. Rxd7 Rxd7 29. Ng5 Bxb2 30. Re2 Be5 31. g3 Rd6 32. Rc2 b4 33. Rc8+
Kg7 34. Rc7+ Kg8 35. Rc8+ Kg7 36. Ra8 Bd4 37. Kg2 h6 38. Nf3 Bc3 39. Ra7+ Kf6
40. h4 e5 41. g4 Bd2 42. Rb7 Ke6 43. g5 hxg5 44. hxg5 Bf4 45. Rxb4 Rc6 46. a4
Rc2 47. Rb6+ Kf7 48. Rf6+ Kg7 49. Nh4 Rc4 50. Rxg6+ Kh7 51. Rh6+ Kg8 52. Ra6
Rxe4 53. Nf5 Bxg5 54. Rg6+ Kf7 55. Rxg5 Kf6 56. Ng3 Rxa4 57. Rh5 Ke6 58. f3 Ra3
59. Ne4 Kd5 60. Kg3 Kd4 61. Rh1 Ra8 62. Rd1+ Ke3 63. Re1+ Kd3 64. Nf6 1-0

[Event "51st National Challengers (National â€˜Bâ€™) Chess Cha"]
[Site "Bhopal, Madhya Pradesh-India"]
[Date "2013.10.15"]
[Round "5"]
[Board "2"]
[White "Ashwin, Jayaram"]
[Black "Konguvel, Ponnuswamy"]
[Result "1/2-1/2"]
[WhiteElo "2461"]
[BlackElo "2366"]
[PlyCount "65"]
[EventDate "2013.10.12"]
[EventRounds "13"]
[EventCountry "IND"]

1. e4 c5 2. Nf3 Nc6 3. Bb5 d6 4. O-O Bd7 5. Re1 Nf6 6. c3 a6 7. Bf1 Bg4 8. h3
Bh5 9. g4 Bg6 10. d4 e5 11. d5 Nb8 12. g5 Nh5 13. Nh4 Be7 14. Qg4 Nf4 15. Bxf4
exf4 16. Nxg6 hxg6 17. h4 Nd7 18. Qxf4 Ne5 19. Nd2 f6 20. Qg3 fxg5 21. hxg5
Bxg5 22. f4 Bh4 23. Qg2 c4 24. Nxc4 Nxc4 25. Qxg6+ Kf8 26. Qf5+ Qf6 27. Qxf6+
gxf6 28. Bxc4 Bxe1 29. Rxe1 Rh4 30. Kg2 Kf7 31. Kg3 Rh5 32. Be2 Rh7 33. Bg4
1/2-1/2

[Event "51st National Challengers (National â€˜Bâ€™) Chess Cha"]
[Site "Bhopal, Madhya Pradesh-India"]
[Date "2013.10.15"]
[Round "5"]
[Board "3"]
[White "Adhiban, B."]
[Black "Shyam, Nikil P."]
[Result "1/2-1/2"]
[WhiteElo "2587"]
[BlackElo "2412"]
[PlyCount "101"]
[EventDate "2013.10.12"]
[EventRounds "13"]
[EventCountry "IND"]

1. e4 e6 2. d4 d5 3. Nd2 dxe4 4. Nxe4 Nd7 5. Nf3 Ngf6 6. Bd3 c5 7. O-O Nxe4 8.
Bxe4 Nf6 9. Bg5 cxd4 10. Nxd4 Be7 11. Bf3 O-O 12. c4 Nd7 13. Bxe7 Qxe7 14. Qe2
Qc5 15. Rfd1 a6 16. a3 Nf6 17. b4 Qc7 18. Re1 Rd8 19. Nb3 Bd7 20. Qe5 Qxe5 21.
Rxe5 Rab8 22. c5 Bc6 23. Bxc6 bxc6 24. Na5 Rbc8 25. f4 g6 26. Ree1 Nd5 27. g3
Nc3 28. Rac1 Rd3 29. Nc4 Nd5 30. Red1 Rb3 31. Rb1 Rc3 32. Rbc1 Rb3 33. Kf2 h5
34. Rb1 Rc3 35. Rdc1 Rxc1 36. Rxc1 Kf8 37. h4 Ke7 38. Ke2 f6 39. Kd3 Rg8 40.
Rf1 Kd7 41. Kc2 Ne7 42. Nd6 Ra8 43. Rd1 Nd5 44. Nc4 Rg8 45. Kb3 Ke7 46. Rd3 Rd8
47. Rd4 Rd7 48. Na5 Rc7 49. Rd2 Ne3 50. Rd3 Nf5 51. Kc3 1/2-1/2

[Event "51st National Challengers (National â€˜Bâ€™) Chess Cha"]
[Site "Bhopal, Madhya Pradesh-India"]
[Date "2013.10.15"]
[Round "5"]
[Board "4"]
[White "Sethuraman, S.P."]
[Black "Ravichandran, Siddharth"]
[Result "1-0"]
[WhiteElo "2566"]
[BlackElo "2372"]
[PlyCount "99"]
[EventDate "2013.10.12"]
[EventRounds "13"]
[EventCountry "IND"]

1. d4 d5 2. c4 c6 3. Nc3 Nf6 4. Nf3 e6 5. e3 Nbd7 6. Bd3 dxc4 7. Bxc4 b5 8. Bd3
Bb7 9. O-O a6 10. e4 c5 11. d5 Qc7 12. dxe6 fxe6 13. Bc2 Bd6 14. Ng5 Nf8 15. f4
h6 16. e5 O-O-O 17. Nf7 Qxf7 18. exd6 Qd7 19. Re1 Qc6 20. Ne4 Nxe4 21. Bxe4
Qxd6 22. Bxb7+ Kxb7 23. Qe2 Nd7 24. a4 b4 25. Qg4 h5 26. Qg6 Qd5 27. Be3 Qf5
28. Qxg7 Rhg8 29. Qe7 Qg4 30. g3 Rge8 31. Qd6 h4 32. Qd1 Ne5 33. Qxg4 Nxg4 34.
Bxc5 Rd2 35. h3 Nf6 36. Bxb4 Rd3 37. Ra3 Rxa3 38. Bxa3 Nh5 39. f5 hxg3 40. fxe6
Nf4 41. e7 Nxh3+ 42. Kg2 Nf4+ 43. Kxg3 Nd5 44. Kg4 Nc7 45. Kf5 Rh8 46. Rc1 Kb6
47. Bc5+ Kb7 48. Bd4 Rc8 49. Rc5 Rg8 50. Be5 1-0

[Event "51st National Challengers (National â€˜Bâ€™) Chess Cha"]
[Site "Bhopal, Madhya Pradesh-India"]
[Date "2013.10.15"]
[Round "5"]
[Board "5"]
[White "Sagar, Shah"]
[Black "Neelotpal, Das"]
[Result "1/2-1/2"]
[WhiteElo "2373"]
[BlackElo "2455"]
[PlyCount "55"]
[EventDate "2013.10.12"]
[EventRounds "13"]
[EventCountry "IND"]

1. c4 Nf6 2. Nf3 e6 3. g3 d5 4. Bg2 dxc4 5. Qa4+ c6 6. Qxc4 b5 7. Qb3 Bb7 8.
O-O Nbd7 9. d4 a6 10. Ne5 Nxe5 11. dxe5 Nd7 12. Rd1 Qc7 13. Bf4 Be7 14. Nc3 c5
15. Ne4 Nxe5 16. Qc3 f6 17. Bxe5 fxe5 18. Nd6+ Bxd6 19. Bxb7 Rb8 20. Be4 g6 21.
Qf3 Rf8 22. Qg4 Kf7 23. Rd3 c4 24. Rf3+ Kg7 25. Qxe6 Rbe8 26. Qg4 Rxf3 27. exf3
Rd8 28. Re1 1/2-1/2

[Event "51st National Challengers (National â€˜Bâ€™) Chess Cha"]
[Site "Bhopal, Madhya Pradesh-India"]
[Date "2013.10.15"]
[Round "5"]
[Board "7"]
[White "Aravindh, Chithambaram Vr."]
[Black "Gagare, Shardul"]
[Result "1/2-1/2"]
[WhiteElo "2346"]
[BlackElo "2443"]
[PlyCount "81"]
[EventDate "2013.10.12"]
[EventRounds "13"]
[EventCountry "IND"]

1. e4 c5 2. Nf3 d6 3. d4 cxd4 4. Nxd4 Nf6 5. Nc3 g6 6. Be3 Bg7 7. f3 Nc6 8. Qd2
O-O 9. Bc4 Nxd4 10. Bxd4 Be6 11. Bb3 Qa5 12. O-O Rac8 13. Rad1 Rfe8 14. Qf2 Nd7
15. Bxg7 Kxg7 16. f4 Nf6 17. h3 Qc5 18. e5 dxe5 19. Bxe6 fxe6 20. fxe5 Qxe5 21.
Qxa7 Qc5+ 22. Qxc5 Rxc5 23. Rd2 Rec8 24. Re1 Kf7 25. Rde2 R8c6 26. Re5 Rxe5 27.
Rxe5 Nd5 28. Nxd5 exd5 29. Rxd5 Rxc2 30. Rb5 Rc7 31. Kf2 Kf6 32. Kf3 e5 33.
Rb6+ Kf5 34. g4+ Kg5 35. Kg3 Rd7 36. h4+ Kh6 37. Rb5 Rd3+ 38. Kg2 Rd2+ 39. Kf3
Rd3+ 40. Kf2 Rd4 41. Kf3 1/2-1/2

[Event "51st National Challengers (National â€˜Bâ€™) Chess Cha"]
[Site "Bhopal, Madhya Pradesh-India"]
[Date "2013.10.15"]
[Round "5"]
[Board "8"]
[White "Swayams, Mishra"]
[Black "Kulkarni, Vikramaditya"]
[Result "1/2-1/2"]
[WhiteElo "2434"]
[BlackElo "2335"]
[PlyCount "152"]
[EventDate "2013.10.12"]
[EventRounds "13"]
[EventCountry "IND"]

1. d4 Nf6 2. c4 g6 3. Nc3 Bg7 4. e4 d6 5. h3 O-O 6. Bg5 c5 7. d5 h6 8. Be3 e6
9. Bd3 exd5 10. exd5 Na6 11. Nge2 Nc7 12. Qd2 Kh7 13. Nf4 b5 14. cxb5 a6 15. b6
Nb5 16. Na4 Nd4 17. b4 Nd7 18. bxc5 Nxc5 19. Nxc5 dxc5 20. Rb1 Rb8 21. Qa5 Qd6
22. O-O Be5 23. Bxd4 Bxd4 24. Ne2 Bf6 25. Rfc1 Qxd5 26. Qxc5 Rd8 27. Qxd5 Rxd5
28. Bc4 Rd2 29. Rb3 Bd8 30. Kf1 Rxb6 31. Rxb6 Bxb6 32. Bxf7 Bf5 33. Bc4 h5 34.
Ke1 Ba5 35. Kf1 Bb6 36. Bxa6 Rxa2 37. Bc4 Rd2 38. Ra1 Kh6 39. Ke1 Rc2 40. Ba6
Rb2 41. Rd1 Bc2 42. Rc1 Bf5 43. Ra1 Bc5 44. Bc4 Rc2 45. Ba6 Rb2 46. Kf1 h4 47.
Rd1 Bb6 48. Bc4 Bc2 49. Ra1 Bf5 50. Ba6 Rc2 51. Ra4 Kg5 52. Rb4 Ba7 53. Rb7 Bc5
54. Rc7 Kf6 55. Bb5 Bb6 56. Rxc2 Bxc2 57. Nc3 Ke5 58. Ba6 Ba5 59. Ne2 g5 60.
Ng1 Be4 61. Bb5 Bb4 62. Ne2 Ba5 63. Nc1 Bd2 64. Nb3 Bb4 65. Nc1 Bd2 66. Ne2 Bb4
67. Kg1 Bd2 68. Ba6 Be1 69. Nc1 Bd2 70. Ne2 Be1 71. Kf1 Bd2 72. f3 Bc2 73. Kf2
Bd1 74. Ng1 Kf4 75. Be2 Be3+ 76. Kf1 Bxg1 1/2-1/2

[Event "51st National Challengers (National â€˜Bâ€™) Chess Cha"]
[Site "Bhopal, Madhya Pradesh-India"]
[Date "2013.10.15"]
[Round "5"]
[Board "9"]
[White "Padmini, Rout"]
[Black "Thejkumar, M. S."]
[Result "0-1"]
[WhiteElo "2330"]
[BlackElo "2421"]
[PlyCount "102"]
[EventDate "2013.10.12"]
[EventRounds "13"]
[EventCountry "IND"]

1. e4 c6 2. d4 d5 3. e5 c5 4. dxc5 e6 5. Nf3 Nc6 6. Bd3 Bxc5 7. a3 a5 8. O-O
Nge7 9. Nc3 Ng6 10. Qe2 O-O 11. Nb5 Bd7 12. c4 dxc4 13. Bxc4 Qb6 14. a4 Nce7
15. b3 Bc6 16. Ng5 h6 17. Ne4 Bxe4 18. Qxe4 Rad8 19. Ra2 Rd7 20. Re2 Rfd8 21.
g3 Rd1 22. Bb2 Nf5 23. Rxd1 Rxd1+ 24. Kg2 h5 25. Qc2 Qc6+ 26. Qe4 Ne3+ 27. Kf3
Nxc4 28. bxc4 Rd3+ 29. Kg2 h4 30. Bc1 hxg3 31. hxg3 Nxe5 32. Qxc6 Nxc6 33. Bb2
Kf8 34. Bc3 b6 35. Rd2 Rxd2 36. Bxd2 Ne5 37. Kf1 Nxc4 38. Bc3 f6 39. Ke2 Ke7
40. Kd3 Nd6 41. f3 Nxb5 42. axb5 Kd6 43. Kc4 e5 44. g4 g6 45. Bd2 f5 46. gxf5
gxf5 47. Bh6 e4 48. fxe4 fxe4 49. Bf8+ Ke6 50. Bxc5 bxc5 51. b6 Kd7 0-1

[Event "51st National Challengers (National â€˜Bâ€™) Chess Cha"]
[Site "Bhopal, Madhya Pradesh-India"]
[Date "2013.10.15"]
[Round "5"]
[Board "10"]
[White "Visakh, Nr"]
[Black "Lalith, Babu M.R."]
[Result "1/2-1/2"]
[WhiteElo "2218"]
[BlackElo "2583"]
[PlyCount "90"]
[EventDate "2013.10.12"]
[EventRounds "13"]
[EventCountry "IND"]

1. d4 d5 2. c4 Nc6 3. Nc3 e6 4. Nf3 Bb4 5. a3 Bxc3+ 6. bxc3 Nge7 7. e3 O-O 8.
Bd3 Na5 9. cxd5 exd5 10. Qc2 h6 11. a4 Be6 12. O-O Re8 13. Ba3 Qc8 14. Rab1 b6
15. Ne5 Bf5 16. Bxe7 Bxd3 17. Qxd3 Rxe7 18. c4 Qe6 19. Rfc1 c5 20. cxd5 Qxd5
21. Qb5 Qe4 22. Nc4 Nxc4 23. Rxc4 cxd4 24. Rxd4 Qc2 25. Rbd1 Rc8 26. Qd5 Qc6
27. Qf5 Rce8 28. g3 Re5 29. Qd7 Qxd7 30. Rxd7 R8e7 31. Rxe7 Rxe7 32. Rd5 Rc7
33. a5 bxa5 34. Rxa5 Kf8 35. Kg2 Ke7 36. Kf3 Kd6 37. Ra1 Kc6 38. Ke4 Rd7 39. f4
Kb5 40. Rb1+ Kc4 41. Rc1+ Kb3 42. Ra1 Kb4 43. Rb1+ Kc4 44. Rc1+ Kb4 45. Rb1+
Kc4 1/2-1/2

[Event "51st National Challengers (National â€˜Bâ€™) Chess Cha"]
[Site "Bhopal, Madhya Pradesh-India"]
[Date "2013.10.15"]
[Round "5"]
[Board "11"]
[White "Prakash, G B"]
[Black "Sengupta, Deep"]
[Result "1/2-1/2"]
[WhiteElo "2255"]
[BlackElo "2589"]
[PlyCount "63"]
[EventDate "2013.10.12"]
[EventRounds "13"]
[EventCountry "IND"]

1. Nf3 d5 2. c4 d4 3. g3 Nc6 4. d3 e5 5. Bg2 Bb4+ 6. Nfd2 Be7 7. Na3 f5 8. Nc2
a5 9. a3 Nf6 10. Rb1 a4 11. b4 axb3 12. Nxb3 O-O 13. O-O Be6 14. e3 dxe3 15.
Bxe3 Nd7 16. f4 Qc8 17. fxe5 Ndxe5 18. Bc5 Rd8 19. Bxe7 Nxe7 20. Nc5 c6 21. Qe2
N7g6 22. h4 f4 23. Nxe6 Qxe6 24. gxf4 Qg4 25. Qxg4 Nxg4 26. h5 Nf8 27. d4 Ra7
28. Rfe1 Nf6 29. Bf3 Kf7 30. f5 g6 31. hxg6+ hxg6 32. Re5 1/2-1/2

[Event "51st National Challengers (National â€˜Bâ€™) Chess Cha"]
[Site "Bhopal, Madhya Pradesh-India"]
[Date "2013.10.15"]
[Round "5"]
[Board "12"]
[White "Pranav, Vijay"]
[Black "Debashis, Das"]
[Result "0-1"]
[WhiteElo "2239"]
[BlackElo "2497"]
[PlyCount "94"]
[EventDate "2013.10.12"]
[EventRounds "13"]
[EventCountry "IND"]

1. d4 Nf6 2. c4 e6 3. g3 d5 4. Nf3 Bb4+ 5. Bd2 Be7 6. Bg2 O-O 7. O-O c6 8. Qc2
b6 9. Bf4 Ba6 10. b3 Nbd7 11. Rd1 Rc8 12. Nc3 Nh5 13. Bc1 f5 14. Bb2 Bd6 15. e3
Nhf6 16. Ne2 Qe7 17. Nf4 Ne4 18. Ne5 Bb7 19. Qe2 Rfd8 20. Rac1 Ndf6 21. f3 Ng5
22. Nfd3 c5 23. Re1 Nf7 24. Rc2 Bxe5 25. Nxe5 Nxe5 26. dxe5 Nd7 27. Rd2 Nf8 28.
Red1 dxc4 29. bxc4 Rxd2 30. Qxd2 Rc7 31. Qc3 Rc8 32. Rd6 Bc6 33. Kf2 Ng6 34.
Qb3 Nh8 35. Qd1 Nf7 36. Qd2 Nxd6 37. exd6 Qb7 38. Qc3 Rd8 39. Qe5 Qd7 40. h4
Kf8 41. h5 h6 42. e4 fxe4 43. f4 e3+ 44. Kg1 Bxg2 45. Kxg2 Qc6+ 46. Kg1 Rd7 47.
f5 Qxd6 0-1

[Event "51st National Challengers (National â€˜Bâ€™) Chess Cha"]
[Site "Bhopal, Madhya Pradesh-India"]
[Date "2013.10.15"]
[Round "5"]
[Board "13"]
[White "Puranik, Abhimanyu"]
[Black "Kunte, Abhijit"]
[Result "0-1"]
[WhiteElo "2238"]
[BlackElo "2487"]
[PlyCount "70"]
[EventDate "2013.10.12"]
[EventRounds "13"]
[EventCountry "IND"]

1. e4 e5 2. Nf3 Nc6 3. Bb5 a6 4. Ba4 Nf6 5. d3 d6 6. c3 g6 7. O-O Bg7 8. Re1
O-O 9. Nbd2 b5 10. Bb3 Bb7 11. Nf1 Nb8 12. Ng3 Nbd7 13. h3 Nc5 14. Bc2 Re8 15.
Be3 Qe7 16. b4 Ne6 17. Bb3 Rad8 18. Qc2 Rc8 19. a4 c5 20. Qa2 Nf4 21. d4 c4 22.
Bc2 Nd3 23. Bxd3 cxd3 24. dxe5 Nxe4 25. Nxe4 Bxe4 26. Ng5 d5 27. Nxe4 dxe4 28.
Bd4 Qb7 29. f3 Bxe5 30. Rxe4 Bxd4+ 31. Rxd4 Re2 32. Qb3 Qc7 33. Re4 Qg3 34.
Rxe2 dxe2 35. Qb1 Rd8 0-1

[Event "51st National Challengers (National â€˜Bâ€™) Chess Cha"]
[Site "Bhopal, Madhya Pradesh-India"]
[Date "2013.10.15"]
[Round "5"]
[Board "14"]
[White "Patil, Pratik"]
[Black "Swapnil, S. Dhopade"]
[Result "1/2-1/2"]
[WhiteElo "2237"]
[BlackElo "2471"]
[PlyCount "36"]
[EventDate "2013.10.12"]
[EventRounds "13"]
[EventCountry "IND"]

1. e4 c6 2. d4 d5 3. e5 c5 4. dxc5 Nc6 5. Nf3 Bg4 6. Be2 e6 7. c4 dxc4 8. Qa4
Qa5+ 9. Qxa5 Nxa5 10. Nbd2 Bxc5 11. Ne4 Bxf3 12. Bxf3 Bb4+ 13. Bd2 Bxd2+ 14.
Kxd2 Nh6 15. Nd6+ Ke7 16. Rhc1 Nf5 17. Nxc4 Rhd8+ 18. Ke1 Nxc4 1/2-1/2

[Event "51st National Challengers (National â€˜Bâ€™) Chess Cha"]
[Site "Bhopal, Madhya Pradesh-India"]
[Date "2013.10.15"]
[Round "5"]
[Board "16"]
[White "Rathnakaran, K."]
[Black "Shetty, Rahul"]
[Result "1-0"]
[WhiteElo "2428"]
[BlackElo "2255"]
[PlyCount "73"]
[EventDate "2013.10.12"]
[EventRounds "13"]
[EventCountry "IND"]

1. e4 e5 2. Nf3 Nc6 3. Bc4 Nf6 4. d3 Bc5 5. Nc3 d6 6. a3 Nd4 7. Nxd4 Bxd4 8.
Ne2 Bb6 9. h3 c6 10. Ng3 d5 11. exd5 cxd5 12. Bb3 h6 13. O-O O-O 14. Qf3 Re8
15. Re1 e4 16. dxe4 dxe4 17. Nxe4 Rxe4 18. Rxe4 Nxe4 19. Qxe4 Qd1+ 20. Kh2 Bd7
21. Bxh6 Bc7+ 22. Bf4 Qxa1 23. Bxc7 Re8 24. Be5 Be6 25. Bc3 Qc1 26. f4 g5 27.
fxg5 Qxg5 28. Qd4 Qh6 29. Ba4 Rc8 30. Bb5 a6 31. Bd3 b5 32. Qe5 Rd8 33. a4 bxa4
34. Qg3+ Kf8 35. Bb4+ Ke8 36. Bxa6 Qg6 37. Bb5+ 1-0

[Event "51st National Challengers (National â€˜Bâ€™) Chess Cha"]
[Site "Bhopal, Madhya Pradesh-India"]
[Date "2013.10.15"]
[Round "5"]
[Board "17"]
[White "Navalgund, Niranjan"]
[Black "Laxman, R.R."]
[Result "0-1"]
[WhiteElo "2230"]
[BlackElo "2424"]
[PlyCount "70"]
[EventDate "2013.10.12"]
[EventRounds "13"]
[EventCountry "IND"]

1. d4 Nf6 2. c4 e6 3. g3 d5 4. Nf3 dxc4 5. Bg2 Bd7 6. Ne5 Bc6 7. Nxc6 Nxc6 8.
O-O Qd7 9. e3 h5 10. Qe2 h4 11. Nd2 Nd5 12. Nxc4 O-O-O 13. Bd2 f5 14. b4 Bd6
15. b5 Nce7 16. a4 Kb8 17. Rfb1 Ng8 18. b6 cxb6 19. a5 Ngf6 20. Nxb6 Qf7 21.
Nc4 hxg3 22. hxg3 Ne4 23. a6 b6 24. Be1 g5 25. Nxd6 Rxd6 26. Rc1 Qh7 27. Ra2 g4
28. Rac2 Rdd8 29. Qb5 Qh2+ 30. Kf1 Nxg3+ 31. fxg3 Nxe3+ 32. Ke2 Qxg2+ 33. Kd3
Qe4+ 34. Kc3 Rc8+ 35. Kb3 Nxc2 0-1

[Event "51st National Challengers (National â€˜Bâ€™) Chess Cha"]
[Site "Bhopal, Madhya Pradesh-India"]
[Date "2013.10.15"]
[Round "5"]
[Board "18"]
[White "Sharma, Dinesh K."]
[Black "Ram, S. Krishnan"]
[Result "1/2-1/2"]
[WhiteElo "2390"]
[BlackElo "2228"]
[PlyCount "36"]
[EventDate "2013.10.12"]
[EventRounds "13"]
[EventCountry "IND"]

1. Nf3 Nf6 2. c4 Nc6 3. d4 e6 4. a3 d6 5. Nc3 g6 6. e4 Bg7 7. h3 O-O 8. Bg5 h6
9. Be3 Re8 10. Qd2 e5 11. dxe5 Nxe5 12. Nxe5 dxe5 13. Bxh6 Nxe4 14. Qxd8 Rxd8
15. Bxg7 Nxc3 16. Bf6 Rd6 17. Be7 Rd7 18. Bg5 Ne4 1/2-1/2

[Event "51st National Challengers (National â€˜Bâ€™) Chess Cha"]
[Site "Bhopal, Madhya Pradesh-India"]
[Date "2013.10.15"]
[Round "5"]
[Board "19"]
[White "Prince, Bajaj"]
[Black "Karthikeyan, P."]
[Result "1/2-1/2"]
[WhiteElo "2230"]
[BlackElo "2389"]
[PlyCount "34"]
[EventDate "2013.10.12"]
[EventRounds "13"]
[EventCountry "IND"]

1. e4 e5 2. Nf3 Nc6 3. Bb5 a6 4. Ba4 Nf6 5. O-O b5 6. Bb3 Bc5 7. c3 d6 8. a4
Rb8 9. d4 Bb6 10. Na3 O-O 11. axb5 axb5 12. Nxb5 Bg4 13. Re1 Bxf3 14. gxf3 Nh5
15. Kh1 Qh4 16. Be3 Kh8 17. Rg1 h6 1/2-1/2